000 00837nam a2200265 u 4500
001 000057283
005 20200120223526.0
008 130627s2010 ck o gr 000 0 spa d
020 _a9789583022869
041 0 _a|spa
_bita
043 _as-ck---
082 0 4 _a615.53
_bP15
_221
100 1 _aPaltrinieri, Massimo,
245 1 0 _aCristaloterapia /
_cMassimo Paltrinieri ; traductor : José Fuquen ; editor Jarvier R. Mahecha López.
250 _a1a. ed.
260 _aBogotá :
_bPanamericana,
_c2010.
300 _a76 p. :
_bfot.
500 _aTítulo original : Cristalloterapia
504 _aIncluye referencias bibliográficas e índice.
650 1 4 _aCristales
_xUso terapéutico
650 2 4 _aNaturópatas
650 2 4 _aMédicina alternativa
700 1 _aFuquen, José,
_etr.
700 1 _aMahecha López, Javier R.,
_eed.
999 _c6577
_d6577